History Quiz

Random History Quiz

USA Expansion Quiz Stats

 Plays Quiz not verified by Sporcle

Challenge
Share
Tweet
Score 0/15 Timer 10:00
0 Plays Today
% Correct
Original 13 Colonies
98.1%
Louisiana Purchase
97.2%
Oregon Territory
94.4%
Republic of Texas
93.5%
Kingdom of Hawaii
93.5%
East Florida
92.5%
Vermont
91.6%
Alaska
91.6%
% Correct
Treaty of Paris
87.9%
Gadson Purchase
80.4%
British Cession
79.4%
Mexican Cession
79.4%
West Florida
68.2%
Red River Cession
59.8%
Spanish Colorado
53.3%

You're not logged in!

Compare scores with friends on all Sporcle quizzes.
OR
Log In

You Might Also Like...

Show Comments

Extras

Created Jul 30, 2017ReportNominate
Tags:expansion, USA

Top Quizzes Today


Score Distribution

Your Account Isn't Verified!

In order to create a playlist on Sporcle, you need to verify the email address you used during registration. Go to your Sporcle Settings to finish the process.

Report this User

Report this user for behavior that violates our Community Guidelines.

Details: